00402nam a2200157 a 4500008004100000020001500041050001600056100002300072245003400095246002500129260003000154300001400184350000900198650001100207650002600218120416s1998 ||||||||||||||||| || u a1779050674 aHQ 1154 Sou aMcFadden, Patricia10aSouthern Africa in transition aa gender perspective aHararebSAPES Booksc1998 avi, 148p. a0.00 aGENDER aGENDER--AFRICA, SOUTH